[Event "2. Torneo Campus Ourense 2015"]
[Site "Ourense ESP"]
[Date "2015.07.08"]
[Round "4.9"]
[White "Perez Carballo, David"]
[Black "Sande Edreira, Jose Antonio"]
[Result "1/2-1/2"]
[WhiteElo "1930"]
[BlackElo "2277"]
[PlyCount "116"]
[EventDate "2015.07.06"]
[EventType "swiss"]
[EventRounds "9"]
[EventCountry "ESP"]
[SourceTitle "Ajedrez en Madrid"]
[Source "lmi"]
[SourceDate "2015.07.06"]
[SourceVersion "1"]
[SourceVersionDate "2019.06.14"]
[SourceQuality "1"]

1. f4 g6 2. Nf3 Bg7 3. g3 c5 4. Bg2 Nc6 5. O-O d6 6. d3 e5 7. e4 Nge7 8. c3 O-O
9. Be3 exf4 10. gxf4 b6 11. d4 Ba6 12. Re1 Rc8 13. Na3 cxd4 14. Nxd4 Nxd4 15.
Bxd4 Bxd4+ 16. Qxd4 Nc6 17. Qd2 Qh4 18. Rad1 Rfd8 19. Nc2 Bb7 20. Qf2 Qxf2+ 21.
Kxf2 Kf8 22. Nd4 Nxd4 23. Rxd4 f6 24. Red1 Ke7 25. e5 fxe5 26. fxe5 Bxg2 27.
exd6+ Kd7 28. Kxg2 Rc6 29. Rf1 Rxd6 30. Rf7+ Ke6 31. Rxd6+ Rxd6 32. Rxh7 Rd2+
33. Kg3 a5 34. b3 Rd3+ 35. Kg4 Rxc3 36. Rb7 Rc6 37. Kg5 Kd5 38. h4 Kd4 39. Rg7
Rc2 40. Rd7+ Ke5 41. Kxg6 Rxa2 42. Rb7 a4 43. bxa4 Rxa4 44. h5 Rg4+ 45. Kh7 Kf6
46. h6 Rg1 47. Rxb6+ Kf7 48. Rb7+ Kf8 49. Rg7 Ra1 50. Rg4 Ra7+ 51. Kh8 Rf7 52.
Rg8+ Ke7 53. Rg7 Kf8 54. Kh7 Rf1 55. Rg8+ Kf7 56. Ra8 Rg1 57. Kh8 Rg2 58. h7
Rg1 1/2-1/2

[Event "2. Torneo Campus Ourense 2015"]
[Site "Ourense ESP"]
[Date "2015.07.08"]
[Round "4.10"]
[White "Puga Sanchez, Miguel"]
[Black "Medarde Santiago, Luis Marcos"]
[Result "0-1"]
[WhiteElo "1904"]
[BlackElo "2273"]
[PlyCount "64"]
[EventDate "2015.07.06"]
[EventType "swiss"]
[EventRounds "9"]
[EventCountry "ESP"]
[SourceTitle "Ajedrez en Madrid"]
[Source "lmi"]
[SourceDate "2015.07.06"]
[SourceVersion "1"]
[SourceVersionDate "2019.06.14"]
[SourceQuality "1"]

1. e4 c5 2. Nc3 g6 3. f4 Bg7 4. Nf3 Nc6 5. Bb5 Nd4 6. Bd3 d6 7. Nxd4 cxd4 8.
Ne2 Nf6 9. O-O O-O 10. c3 dxc3 11. dxc3 b6 12. Nd4 Bb7 13. Qe1 e5 14. Nf3 exf4
15. Bxf4 Re8 16. Bg5 Qc7 17. Qh4 Nxe4 18. Bh6 Qc5+ 19. Kh1 Bxh6 20. Qxh6 Nf2+
21. Rxf2 Qxf2 22. Rf1 Qxb2 23. Bc4 Re7 24. Qg5 Bxf3 25. gxf3 Rae8 26. Qf6 Qd2
27. Rg1 Qh6 28. Qxd6 Re1 29. Qd5 Qf4 30. Rxe1 Rxe1+ 31. Kg2 Kg7 32. a4 Rc1 0-1

[Event "2. Torneo Campus Ourense 2015"]
[Site "Ourense ESP"]
[Date "2015.07.09"]
[Round "5.1"]
[White "Iwanow, Anna"]
[Black "Santos Latasa, Jaime"]
[Result "0-1"]
[WhiteElo "2206"]
[BlackElo "2511"]
[PlyCount "72"]
[EventDate "2015.07.06"]
[EventType "swiss"]
[EventRounds "9"]
[EventCountry "ESP"]
[SourceTitle "Ajedrez en Madrid"]
[Source "lmi"]
[SourceDate "2015.07.06"]
[SourceVersion "1"]
[SourceVersionDate "2019.06.14"]
[SourceQuality "1"]

1. e4 c5 2. Nf3 d6 3. d4 cxd4 4. Nxd4 Nf6 5. Nc3 a6 6. Be3 e5 7. Nb3 Be6 8. Qd2
Be7 9. f3 O-O 10. O-O-O a5 11. a4 Nc6 12. g4 Nb4 13. g5 Nd7 14. Rg1 Rc8 15. Kb1
Nb6 16. Bb5 Nc4 17. Qe1 Qc7 18. Rg2 Rfd8 19. Bc1 d5 20. exd5 Nxd5 21. Ne4 Nf4
22. Rxd8+ Rxd8 23. Rg1 Bb4 24. Qh4 Kh8 25. Bxf4 exf4 26. Bxc4 Bxc4 27. Nf6 gxf6
28. gxf6 Bxb3 29. cxb3 Qd7 30. Qh6 Qf5+ 31. Ka2 Bf8 32. Rg7 b5 33. axb5 a4 34.
bxa4 Qe6+ 35. Kb1 Rd1+ 36. Kc2 Qe2+ 0-1

[Event "2. Torneo Campus Ourense 2015"]
[Site "Ourense ESP"]
[Date "2015.07.09"]
[Round "5.2"]
[White "Del Rio De Angelis, Salvador G"]
[Black "Almagro Llamas, Pablo"]
[Result "1-0"]
[WhiteElo "2494"]
[BlackElo "2445"]
[PlyCount "97"]
[EventDate "2015.07.06"]
[EventType "swiss"]
[EventRounds "9"]
[EventCountry "ESP"]
[SourceTitle "Ajedrez en Madrid"]
[Source "lmi"]
[SourceDate "2015.07.06"]
[SourceVersion "1"]
[SourceVersionDate "2019.06.14"]
[SourceQuality "1"]

1. d4 Nf6 2. c4 e6 3. Nc3 Bb4 4. e3 b6 5. Bd3 Bb7 6. Nf3 O-O 7. O-O c5 8. Bd2
d5 9. cxd5 exd5 10. a3 Bxc3 11. Bxc3 c4 12. Bc2 Ne4 13. Bb4 Re8 14. Ne5 a5 15.
Be1 b5 16. f3 Nd6 17. f4 Ne4 18. Qh5 Qe7 19. Bxe4 dxe4 20. Ng4 Nd7 21. Qxb5 Ba6
22. Qh5 Reb8 23. Bc3 Rb5 24. d5 f6 25. Rad1 Qf7 26. Qxf7+ Kxf7 27. Rd4 Re8 28.
Rfd1 Rc5 29. f5 g6 30. fxg6+ hxg6 31. Nxf6 Nxf6 32. Rf1 Re5 33. d6 Rf5 34. d7
Rxf1+ 35. Kxf1 Nxd7 36. Rxd7+ Ke6 37. Ra7 Rc6 38. Kf2 a4 39. g4 Bb5 40. Rb7 Ba6
41. Rb4 Bc8 42. Rxa4 Rc7 43. Kg3 Rf7 44. Rxc4 Bb7 45. Bd4 g5 46. Kg2 Kd6 47.
Rc2 Ba6 48. Rf2 Rc7 49. Rf6+ 1-0

[Event "2. Torneo Campus Ourense 2015"]
[Site "Ourense ESP"]
[Date "2015.07.09"]
[Round "5.3"]
[White "Guerra Bastida, Diego"]
[Black "Lariño Nieto, David"]
[Result "0-1"]
[WhiteElo "2319"]
[BlackElo "2451"]
[PlyCount "84"]
[EventDate "2015.07.06"]
[EventType "swiss"]
[EventRounds "9"]
[EventCountry "ESP"]
[SourceTitle "Ajedrez en Madrid"]
[Source "lmi"]
[SourceDate "2015.07.06"]
[SourceVersion "1"]
[SourceVersionDate "2019.06.14"]
[SourceQuality "1"]

1. Nf3 g6 2. d4 Bg7 3. g3 b6 4. Bg2 Bb7 5. O-O c5 6. d5 Nf6 7. c4 e6 8. Nc3
exd5 9. cxd5 d6 10. Qa4+ Qd7 11. Qxd7+ Nbxd7 12. e4 Ng4 13. Bf4 Nge5 14. Nb5
Ke7 15. Bg5+ f6 16. Bf4 Rhc8 17. Bxe5 Nxe5 18. Nxe5 fxe5 19. Bh3 Rg8 20. Nc7
Rab8 21. a4 a6 22. Ra3 Kd8 23. Ne6+ Ke7 24. Nc7 Kd8 25. Ne6+ Ke7 26. Nc7 Bh6
27. Kg2 Rgf8 28. Rb3 Bc8 29. Bxc8 Rfxc8 30. Ne6 c4 31. Ra3 Bd2 32. f4 Kf6 33.
Raf3 b5 34. axb5 Rxb5 35. fxe5+ Kxe5 36. Rf7 Kxe4 37. Rxh7 Rxb2 38. Kh3 Kxd5
39. Rf6 c3 40. Rd7 Ke5 41. Rxg6 Kf5 42. Rdg7 Rh8+ 0-1

[Event "2. Torneo Campus Ourense 2015"]
[Site "Ourense ESP"]
[Date "2015.07.09"]
[Round "5.4"]
[White "Barrenechea Bahamonde, Gustavo"]
[Black "Kantans, Toms"]
[Result "0-1"]
[WhiteElo "2208"]
[BlackElo "2458"]
[PlyCount "99"]
[EventDate "2015.07.06"]
[EventType "swiss"]
[EventRounds "9"]
[EventCountry "ESP"]
[SourceTitle "Ajedrez en Madrid"]
[Source "lmi"]
[SourceDate "2015.07.06"]
[SourceVersion "1"]
[SourceVersionDate "2019.06.14"]
[SourceQuality "1"]

1. e4 d5 2. exd5 Qxd5 3. Nc3 Qd6 4. d4 g6 5. Nf3 Bg7 6. Ne4 Qb6 7. Bd3 Nc6 8.
c3 Nf6 9. Nxf6+ Bxf6 10. O-O Bf5 11. Bxf5 gxf5 12. Qc2 e6 13. Be3 Ne7 14. d5
Qa6 15. dxe6 fxe6 16. Bd4 Bxd4 17. Nxd4 c5 18. Nf3 O-O-O 19. Rfe1 Nd5 20. Qe2
Qxe2 21. Rxe2 Nf4 22. Re5 b6 23. g3 Nd3 24. Rxe6 Nxb2 25. Rae1 Nd3 26. R1e2
Rhg8 27. Re7 Nf4 28. Re1 Nd5 29. Rxa7 Rge8 30. Rb1 Rd6 31. Rxh7 Nxc3 32. Rb3
Na4 33. Ra7 Re4 34. Re3 Rxe3 35. fxe3 Nc3 36. h4 Ne4 37. Kg2 Rg6 38. Ne5 Rxg3+
39. Kh2 Rxe3 40. Nc6 f4 41. Re7 Re2+ 42. Kg1 Rxa2 43. Rxe4 Kc7 44. Ne5 b5 45.
h5 Kd6 46. Nf7+ Kd5 47. Rxf4 b4 48. h6 b3 49. h7 Ra8 50. h8=Q 0-1

[Event "2. Torneo Campus Ourense 2015"]
[Site "Ourense ESP"]
[Date "2015.07.09"]
[Round "5.5"]
[White "Hoffman, Alejandro"]
[Black "Costa, Paulo"]
[Result "1-0"]
[WhiteElo "2456"]
[BlackElo "2107"]
[PlyCount "75"]
[EventDate "2015.07.06"]
[EventType "swiss"]
[EventRounds "9"]
[EventCountry "ESP"]
[SourceTitle "Ajedrez en Madrid"]
[Source "lmi"]
[SourceDate "2015.07.06"]
[SourceVersion "1"]
[SourceVersionDate "2019.06.14"]
[SourceQuality "1"]

1. d4 Nf6 2. c4 e6 3. Nc3 c5 4. d5 exd5 5. cxd5 Bd6 6. Nf3 Bc7 7. g3 d6 8. Bg2
O-O 9. O-O a6 10. a4 Nbd7 11. h3 Re8 12. Qd3 Ba5 13. Bf4 Nf8 14. g4 Ng6 15. Bh2
Bxc3 16. bxc3 h5 17. gxh5 Nxh5 18. e3 Qf6 19. Qd1 Nh4 20. Nxh4 Qxh4 21. Qf3 Nf6
22. Bxd6 Ne4 23. Bg3 Qg5 24. c4 Bd7 25. Qf4 Qg6 26. a5 Ng5 27. Kh2 Qh5 28. h4
f6 29. Rab1 Re7 30. Rxb7 Rae8 31. Rb8 Kf7 32. Rxe8 Rxe8 33. Rb1 Re5 34. Rb7 Ke8
35. f3 Nf7 36. e4 Nd6 37. Rb6 Ke7 38. Qe3 1-0

[Event "2. Torneo Campus Ourense 2015"]
[Site "Ourense ESP"]
[Date "2015.07.09"]
[Round "5.6"]
[White "Fernandez Borrego, Pablo"]
[Black "Gomez Dominguez, Xabier"]
[Result "1-0"]
[WhiteElo "2378"]
[BlackElo "2102"]
[PlyCount "79"]
[EventDate "2015.07.06"]
[EventType "swiss"]
[EventRounds "9"]
[EventCountry "ESP"]
[SourceTitle "Ajedrez en Madrid"]
[Source "lmi"]
[SourceDate "2015.07.06"]
[SourceVersion "1"]
[SourceVersionDate "2019.06.14"]
[SourceQuality "1"]

1. e4 c5 2. Nf3 Nc6 3. Bb5 g6 4. O-O Bg7 5. Re1 e5 6. c3 Nge7 7. d4 cxd4 8. Bg5
O-O 9. cxd4 Qb6 10. Bxc6 Nxc6 11. d5 Nd4 12. Nxd4 exd4 13. Nd2 Re8 14. Nc4 Qa6
15. Rc1 b5 16. Na3 Qb6 17. Bf4 Ba6 18. Bc7 Qb7 19. Bd6 b4 20. Nc2 b3 21. axb3
Qxb3 22. Nxd4 Qxb2 23. e5 Rac8 24. Rb1 Qa2 25. Nf3 Rc3 26. Ra1 Qc4 27. Ra4 Rc1
28. Qxc1 Qxa4 29. Qc5 Bb7 30. h3 Qb3 31. Qxa7 Qxd5 32. Rb1 Bc8 33. Rb8 Qc6 34.
Qc7 Qxc7 35. Bxc7 f6 36. Nd4 Kf7 37. Nb5 Bf8 38. Bd6 Bh6 39. Bb4 Rxe5 40. Nd6+
1-0

[Event "2. Torneo Campus Ourense 2015"]
[Site "Ourense ESP"]
[Date "2015.07.09"]
[Round "5.7"]
[White "Rodriguez Dominguez, Miguel I"]
[Black "Pazos Porta, Antonio"]
[Result "0-1"]
[WhiteElo "2002"]
[BlackElo "2332"]
[PlyCount "114"]
[EventDate "2015.07.06"]
[EventType "swiss"]
[EventRounds "9"]
[EventCountry "ESP"]
[SourceTitle "Ajedrez en Madrid"]
[Source "lmi"]
[SourceDate "2015.07.06"]
[SourceVersion "1"]
[SourceVersionDate "2019.06.14"]
[SourceQuality "1"]

1. d4 Nf6 2. Nf3 g6 3. g3 Bg7 4. Bg2 O-O 5. O-O a6 6. b3 d6 7. Bb2 Nbd7 8. Nbd2
c5 9. e4 cxd4 10. Nxd4 Qc7 11. c4 Nc5 12. h3 Bd7 13. Qe2 Rac8 14. Rfe1 Rfd8 15.
Rad1 Be8 16. Nb1 e6 17. Nc3 Ncd7 18. Ndb5 axb5 19. Nxb5 Qb8 20. Nxd6 e5 21.
Nxc8 Rxc8 22. Ba3 Nc5 23. Qe3 Nfd7 24. Rd5 Ne6 25. Bd6 Qa8 26. Qd2 b6 27. f4
Nc7 28. Rd3 Nc5 29. Bxc5 bxc5 30. Qf2 Ne6 31. f5 Nd4 32. h4 Qa5 33. Red1 Ra8
34. a4 Rb8 35. Qd2 Qxd2 36. R1xd2 Bh6 37. Rd1 Kf8 38. Bf3 Bc6 39. fxg6 hxg6 40.
Kg2 f5 41. Re1 Ke7 42. exf5 Nxf3 43. Rxf3 Rxb3 44. Rxe5+ Kd7 45. Rd5+ Bxd5 46.
cxd5 Rxf3 47. Kxf3 gxf5 48. Ke2 Kd6 49. a5 Kxd5 50. Kd3 c4+ 51. Kc3 Kc5 52. h5
Kb5 53. Kd4 Bg7+ 54. Ke3 Kxa5 55. Kf4 c3 56. Kxf5 c2 57. Kg6 c1=Q 0-1

[Event "2. Torneo Campus Ourense 2015"]
[Site "Ourense ESP"]
[Date "2015.07.09"]
[Round "5.8"]
[White "Medarde Santiago, Luis Marcos"]
[Black "Doval Gonzalez, Jose"]
[Result "1-0"]
[WhiteElo "2273"]
[BlackElo "2001"]
[PlyCount "55"]
[EventDate "2015.07.06"]
[EventType "swiss"]
[EventRounds "9"]
[EventCountry "ESP"]
[SourceTitle "Ajedrez en Madrid"]
[Source "lmi"]
[SourceDate "2015.07.06"]
[SourceVersion "1"]
[SourceVersionDate "2019.06.14"]
[SourceQuality "1"]

1. e4 d5 2. exd5 Qxd5 3. Nc3 Qd6 4. d4 c6 5. Nf3 Nf6 6. Ne5 Nbd7 7. Nc4 Qc7 8.
Qf3 Nb6 9. Bf4 Qd7 10. h3 Nxc4 11. Bxc4 Qxd4 12. Bb3 e5 13. Bg5 Be7 14. Bxf6
Bxf6 15. Ne4 Qxb2 16. O-O Ke7 17. Rad1 Rb8 18. Rd6 Be6 19. Rxe6+ fxe6 20. Qg4
Rbe8 21. Qxe6+ Kd8 22. Rd1+ Kc7 23. Qd6+ Kb6 24. Qb4+ Kc7 25. Rd7+ Kxd7 26.
Qxb7+ Kd8 27. Qb8+ Kd7 28. Nc5+ 1-0

[Event "2. Torneo Campus Ourense 2015"]
[Site "Ourense ESP"]
[Date "2015.07.09"]
[Round "5.9"]
[White "Rey Malde, Henrique"]
[Black "Rodriguez Lopez, Rafael"]
[Result "0-1"]
[WhiteElo "2055"]
[BlackElo "2267"]
[PlyCount "70"]
[EventDate "2015.07.06"]
[EventType "swiss"]
[EventRounds "9"]
[EventCountry "ESP"]
[SourceTitle "Ajedrez en Madrid"]
[Source "lmi"]
[SourceDate "2015.07.06"]
[SourceVersion "1"]
[SourceVersionDate "2019.06.14"]
[SourceQuality "1"]

1. e4 c5 2. Nf3 d6 3. c3 Nf6 4. Be2 g6 5. O-O Bg7 6. Bb5+ Nc6 7. Re1 O-O 8. h3
a6 9. Bf1 e5 10. d4 cxd4 11. cxd4 exd4 12. Nxd4 Nxd4 13. Qxd4 Re8 14. Qd3 d5
15. Nc3 dxe4 16. Nxe4 Nxe4 17. Rxe4 Bf5 18. Rxe8+ Qxe8 19. Qf3 Qe1 20. Qe2 Re8
21. Qd2 Qxd2 22. Bxd2 Bxb2 23. Re1 Rxe1 24. Bxe1 b5 25. Bb4 Be6 26. a3 Bc4 27.
g4 Bxf1 28. Kxf1 Kg7 29. Ke2 Kf6 30. f4 Ke6 31. Kd3 Bc1 32. Ke4 f5+ 33. gxf5+
gxf5+ 34. Kd4 Bxf4 35. Kc5 Bd6+ 0-1

[Event "2. Torneo Campus Ourense 2015"]
[Site "Ourense ESP"]
[Date "2015.07.09"]
[Round "5.10"]
[White "Sande Edreira, Jose Antonio"]
[Black "Meira Iglesias, Alejandro"]
[Result "1-0"]
[WhiteElo "2277"]
[BlackElo "1766"]
[PlyCount "137"]
[EventDate "2015.07.06"]
[EventType "swiss"]
[EventRounds "9"]
[EventCountry "ESP"]
[SourceTitle "Ajedrez en Madrid"]
[Source "lmi"]
[SourceDate "2015.07.06"]
[SourceVersion "1"]
[SourceVersionDate "2019.06.14"]
[SourceQuality "1"]

1. c4 e5 2. g3 Nc6 3. Bg2 f5 4. Nc3 Nf6 5. e3 d5 6. cxd5 Nb4 7. d3 Nbxd5 8.
Nge2 Be7 9. O-O Be6 10. Nxd5 Bxd5 11. e4 fxe4 12. Nc3 Bc6 13. Nxe4 Nxe4 14.
Bxe4 Bxe4 15. dxe4 Qxd1 16. Rxd1 Bc5 17. Rd5 Bd4 18. Be3 c6 19. Ra5 b6 20. Bxd4
exd4 21. Re5+ Kd7 22. Rg5 g6 23. Kf1 Rhe8 24. f3 Re6 25. Ke2 Rae8 26. Kd3 Rd6
27. h4 h6 28. Rg4 c5 29. Re1 c4+ 30. Kd2 Ree6 31. e5 Rd5 32. Ree4 Kc6 33. Rxd4
Kc5 34. Kc3 b5 35. Rxd5+ Kxd5 36. a4 b4+ 37. Kxb4 Rb6+ 38. Kc3 Rb3+ 39. Kc2
Rxf3 40. Rxg6 Kxe5 41. Rxh6 Rxg3 42. Rh7 Rh3 43. h5 a5 44. Ra7 Kd4 45. Rxa5
Rh2+ 46. Kb1 Rh1+ 47. Ka2 Rh2 48. Ra8 Rxh5 49. Rb8 c3 50. Rb4+ Kd3 51. Rb3 Kc4
52. bxc3 Rh2+ 53. Rb2 Rh5 54. Ka3 Kxc3 55. Rb8 Rh1 56. Rc8+ Kd4 57. a5 Ra1+ 58.
Kb4 Rb1+ 59. Ka4 Kd5 60. a6 Kd6 61. Ka5 Kd7 62. Rc4 Ra1+ 63. Kb5 Rb1+ 64. Ka5
Ra1+ 65. Kb6 Rb1+ 66. Ka7 Kd8 67. Rc6 Ra1 68. Kb7 Kd7 69. Rb6 1-0

[Event "2. Torneo Campus Ourense 2015"]
[Site "Ourense ESP"]
[Date "2015.07.09"]
[Round "6.1"]
[White "Santos Latasa, Jaime"]
[Black "Del Rio De Angelis, Salvador G"]
[Result "1/2-1/2"]
[WhiteElo "2511"]
[BlackElo "2494"]
[PlyCount "60"]
[EventDate "2015.07.06"]
[EventType "swiss"]
[EventRounds "9"]
[EventCountry "ESP"]
[SourceTitle "Ajedrez en Madrid"]
[Source "lmi"]
[SourceDate "2015.07.06"]
[SourceVersion "1"]
[SourceVersionDate "2019.06.14"]
[SourceQuality "1"]

1. e4 c5 2. Nf3 e6 3. d4 cxd4 4. Nxd4 Nf6 5. Nc3 d6 6. g4 h6 7. h4 Be7 8. Rg1
d5 9. exd5 Nxd5 10. Bb5+ Kf8 11. g5 Nxc3 12. bxc3 hxg5 13. Bxg5 f6 14. Qf3 Qd5
15. Qxd5 exd5 16. Be3 Rxh4 17. O-O-O Kf7 18. Ba4 Nc6 19. Bxc6 bxc6 20. Nxc6
Ba3+ 21. Kd2 Rc4 22. Nd4 Bb2 23. Nb5 Bxc3+ 24. Nxc3 d4 25. Bxd4 Rxd4+ 26. Ke3
Rxd1 27. Rxd1 Be6 28. Nb5 a6 29. Nc7 Rc8 30. Nxe6 Kxe6 1/2-1/2

[Event "2. Torneo Campus Ourense 2015"]
[Site "Ourense ESP"]
[Date "2015.07.09"]
[Round "6.2"]
[White "Lariño Nieto, David"]
[Black "Fernandez Borrego, Pablo"]
[Result "1-0"]
[WhiteElo "2451"]
[BlackElo "2378"]
[PlyCount "155"]
[EventDate "2015.07.06"]
[EventType "swiss"]
[EventRounds "9"]
[EventCountry "ESP"]
[SourceTitle "Ajedrez en Madrid"]
[Source "lmi"]
[SourceDate "2015.07.06"]
[SourceVersion "1"]
[SourceVersionDate "2019.06.14"]
[SourceQuality "1"]

1. Nf3 Nf6 2. g3 d5 3. Bg2 Bf5 4. c4 c6 5. b3 Nbd7 6. Bb2 e6 7. O-O h6 8. d3
Be7 9. Re1 O-O 10. Nc3 Bh7 11. Qc2 a5 12. e4 dxe4 13. dxe4 Qc7 14. Na4 b6 15.
Nd4 Nc5 16. Nxc5 Bxc5 17. Qe2 e5 18. Nc2 Rad8 19. a3 Rfe8 20. Red1 Bg6 21. b4
Bh5 22. Bf3 Bxf3 23. Qxf3 Bf8 24. Bc3 axb4 25. axb4 Ra8 26. Rxa8 Rxa8 27. Qf5
Bd6 28. c5 bxc5 29. bxc5 Bxc5 30. Bxe5 Qe7 31. Bxf6 gxf6 32. Qg4+ Kf8 33. Ne1
Re8 34. Qh5 Kg7 35. Ng2 Qe5 36. Qg4+ Kh7 37. Nf4 Qxe4 38. Qh5 Rg8 39. Qxf7+ Rg7
40. Qxf6 Bxf2+ 41. Kxf2 Qc2+ 42. Ke1 Qe4+ 43. Ne2 Re7 44. Rd2 Qh1+ 45. Qf1 Qxh2
46. Qf5+ Kg7 47. Qg4+ Kh7 48. Qf5+ Kg7 49. Kd1 Qh1+ 50. Kc2 Qe4+ 51. Qxe4 Rxe4
52. Kd3 Re8 53. Rc2 Kg6 54. Rc5 Rf8 55. Nf4+ Kh7 56. Ke4 Rf6 57. Ke5 Rf7 58.
Ke4 Rf6 59. Kf3 Kg7 60. Kg4 Kf7 61. Nd3 Ke7 62. Nb4 Rg6+ 63. Kh4 Re6 64. Nxc6+
Kd6 65. Rc3 Kd5 66. Nb4+ Kd4 67. Rf3 Re2 68. Rf4+ Ke3 69. Nd5+ Kd2 70. Kh3 Re1
71. Nf6 Ra1 72. Kg2 Ra6 73. Ng4 h5 74. Nf2 Ke3 75. Re4+ Kd2 76. Re5 Rh6 77. Kh3
Rh8 78. Kh4 1-0

[Event "2. Torneo Campus Ourense 2015"]
[Site "Ourense ESP"]
[Date "2015.07.09"]
[Round "6.3"]
[White "Kantans, Toms"]
[Black "Medarde Santiago, Luis Marcos"]
[Result "1-0"]
[WhiteElo "2458"]
[BlackElo "2273"]
[PlyCount "107"]
[EventDate "2015.07.06"]
[EventType "swiss"]
[EventRounds "9"]
[EventCountry "ESP"]
[SourceTitle "Ajedrez en Madrid"]
[Source "lmi"]
[SourceDate "2015.07.06"]
[SourceVersion "1"]
[SourceVersionDate "2019.06.14"]
[SourceQuality "1"]

1. c4 e5 2. g3 Nf6 3. Bg2 c6 4. d4 Bb4+ 5. Bd2 Bxd2+ 6. Qxd2 d6 7. Nc3 O-O 8.
e4 Nbd7 9. Nf3 Re8 10. O-O Qc7 11. h3 Nf8 12. b4 Be6 13. d5 Bd7 14. dxc6 Bxc6
15. Qe3 a5 16. a3 b6 17. Rfc1 Qb7 18. Nd5 Bxd5 19. cxd5 axb4 20. axb4 Rxa1 21.
Rxa1 Ra8 22. Rc1 Rc8 23. Ne1 Rxc1 24. Qxc1 Ne8 25. Bf1 Qc7 26. Qa3 Nd7 27. Bd3
Kf8 28. Ng2 Nef6 29. Ne3 g6 30. f3 Nh5 31. Kg2 Qd8 32. h4 Qc7 33. Bb5 Ke7 34.
Bc6 Nb8 35. Qa8 Nf6 36. g4 Nfd7 37. g5 Qd8 38. Qb7 Kf8 39. Ng4 Kg7 40. Kg3 Kf8
41. Kf2 Kg7 42. Ke2 Kf8 43. Kd3 b5 44. Bxb5 Kg7 45. Bc6 Kf8 46. Kc4 Nb6+ 47.
Kb5 N6d7 48. Nf6 Nxf6 49. gxf6 h5 50. Qa7 Kg8 51. Qe7 Qc8 52. Kb6 Kh8 53. b5 g5
54. Qxf7 1-0

[Event "2. Torneo Campus Ourense 2015"]
[Site "Ourense ESP"]
[Date "2015.07.09"]
[Round "6.4"]
[White "Rodriguez Lopez, Rafael"]
[Black "Hoffman, Alejandro"]
[Result "0-1"]
[WhiteElo "2267"]
[BlackElo "2456"]
[PlyCount "86"]
[EventDate "2015.07.06"]
[EventType "swiss"]
[EventRounds "9"]
[EventCountry "ESP"]
[SourceTitle "Ajedrez en Madrid"]
[Source "lmi"]
[SourceDate "2015.07.06"]
[SourceVersion "1"]
[SourceVersionDate "2019.06.14"]
[SourceQuality "1"]

1. e4 g6 2. d4 Bg7 3. Nc3 a6 4. f4 d5 5. e5 h5 6. Nf3 Bg4 7. h3 Bxf3 8. Qxf3 e6
9. g3 c5 10. dxc5 Qa5 11. Be3 Bf8 12. a3 Nc6 13. Rd1 Rd8 14. Qf2 Nh6 15. Bd2
Qxc5 16. Bd3 Nf5 17. Ne2 Qxf2+ 18. Kxf2 Bc5+ 19. Kf3 Ncd4+ 20. Nxd4 Nxd4+ 21.
Kg2 Nf5 22. g4 Ne3+ 23. Bxe3 Bxe3 24. Kf3 Bb6 25. g5 Ke7 26. c4 dxc4 27. Bxc4
Rd4 28. Rxd4 Bxd4 29. a4 Bxb2 30. Rb1 Rc8 31. Bd3 Rc3 32. Rxb2 Rxd3+ 33. Ke4
Rd7 34. a5 Kd8 35. Rb4 Kc8 36. Rc4+ Rc7 37. Kd4 Rxc4+ 38. Kxc4 Kc7 39. Kc5 h4
40. Kb4 Kc6 41. Kc4 b6 42. axb6 Kxb6 43. Kb4 Kc6 0-1

[Event "2. Torneo Campus Ourense 2015"]
[Site "Ourense ESP"]
[Date "2015.07.09"]
[Round "6.5"]
[White "Pazos Porta, Antonio"]
[Black "Iwanow, Anna"]
[Result "1/2-1/2"]
[WhiteElo "2332"]
[BlackElo "2206"]
[PlyCount "107"]
[EventDate "2015.07.06"]
[EventType "swiss"]
[EventRounds "9"]
[EventCountry "ESP"]
[SourceTitle "Ajedrez en Madrid"]
[Source "lmi"]
[SourceDate "2015.07.06"]
[SourceVersion "1"]
[SourceVersionDate "2019.06.14"]
[SourceQuality "1"]

1. e4 c5 2. Nf3 Nc6 3. Nc3 e6 4. d4 cxd4 5. Nxd4 Qc7 6. g3 Nf6 7. Bg2 a6 8. O-O
h5 9. Nxc6 dxc6 10. Qe2 e5 11. h3 Be6 12. Be3 Be7 13. b3 h4 14. g4 Nh7 15. Na4
Bg5 16. Bb6 Qe7 17. Rad1 O-O 18. Bc5 Qf6 19. Bxf8 Nxf8 20. Nc5 Bc8 21. c3 Qe7
22. Nd3 Ng6 23. Rfe1 a5 24. Bf1 b6 25. Nb2 Nf4 26. Qf3 b5 27. Nd3 Ng6 28. Qe2
Be6 29. Qb2 Qa7 30. Rb1 Bd8 31. a4 Bb6 32. axb5 cxb5 33. Qe2 Rd8 34. Qf3 Rc8
35. Rec1 a4 36. bxa4 bxa4 37. Nb4 a3 38. Nd5 Bc5 39. Rc2 Rb8 40. Rxb8+ Qxb8 41.
Qd1 Qb3 42. Qd2 Qa4 43. c4 Nf8 44. Ra2 Nd7 45. Nc7 Bxc4 46. Bxc4 Qxc4 47. Qc2
Qb4 48. Nd5 Qe1+ 49. Kg2 Kh7 50. Qe2 Qb1 51. Qc2 Qe1 52. Qe2 Qb1 53. Nc3 Qb4
54. Nd5 1/2-1/2

[Event "2. Torneo Campus Ourense 2015"]
[Site "Ourense ESP"]
[Date "2015.07.09"]
[Round "6.6"]
[White "Almagro Llamas, Pablo"]
[Black "Paunovic, Dragan"]
[Result "1/2-1/2"]
[WhiteElo "2445"]
[BlackElo "2451"]
[PlyCount "70"]
[EventDate "2015.07.06"]
[EventType "swiss"]
[EventRounds "9"]
[EventCountry "ESP"]
[SourceTitle "Ajedrez en Madrid"]
[Source "lmi"]
[SourceDate "2015.07.06"]
[SourceVersion "1"]
[SourceVersionDate "2019.06.14"]
[SourceQuality "1"]

1. d4 Nf6 2. Nf3 g6 3. c4 Bg7 4. Nc3 O-O 5. e4 d6 6. Be2 e5 7. O-O Nbd7 8. Be3
Re8 9. d5 Nh5 10. Re1 Bf8 11. Qc2 Ng7 12. Nd2 c5 13. Bd3 Be7 14. a3 Rf8 15. b4
b6 16. Bh6 Bg5 17. Bxg5 Qxg5 18. Nb3 Qd8 19. Qd2 f5 20. bxc5 Nxc5 21. Nxc5 bxc5
22. exf5 Nxf5 23. Bxf5 Bxf5 24. f4 exf4 25. Qxf4 a6 26. Ne4 Bxe4 27. Qxe4 Ra7
28. Rab1 Raf7 29. h3 Qf6 30. Rb6 Qf2+ 31. Kh2 Rf3 32. Kh1 R8f4 33. Qe7 Rxh3+
34. gxh3 Qf3+ 35. Kh2 Qf2+ 1/2-1/2

[Event "2. Torneo Campus Ourense 2015"]
[Site "Ourense ESP"]
[Date "2015.07.09"]
[Round "6.7"]
[White "Lorenzo Duran, Marcos"]
[Black "Guerra Bastida, Diego"]
[Result "1-0"]
[WhiteElo "2170"]
[BlackElo "2319"]
[PlyCount "77"]
[EventDate "2015.07.06"]
[EventType "swiss"]
[EventRounds "9"]
[EventCountry "ESP"]
[SourceTitle "Ajedrez en Madrid"]
[Source "lmi"]
[SourceDate "2015.07.06"]
[SourceVersion "1"]
[SourceVersionDate "2019.06.14"]
[SourceQuality "1"]

1. d4 Nf6 2. c4 e6 3. Nc3 Bb4 4. e3 O-O 5. Nge2 d5 6. a3 Be7 7. cxd5 exd5 8.
Nf4 c6 9. Bd3 Bd6 10. O-O Re8 11. f3 a5 12. Kh1 Bxf4 13. exf4 b6 14. f5 Ba6 15.
Bxa6 Nxa6 16. Bg5 h6 17. Bh4 Qd6 18. g4 Nh7 19. Qd2 f6 20. Bg3 Qd8 21. Rfe1 b5
22. Rxe8+ Qxe8 23. Re1 Qd7 24. Qe2 Nf8 25. Qe7 Ra7 26. Qxd7 Rxd7 27. Re8 b4 28.
Na4 Nc7 29. Rc8 Nb5 30. Nc5 Rf7 31. Ne6 bxa3 32. bxa3 a4 33. Ra8 c5 34. dxc5 d4
35. Kg2 d3 36. Kf2 d2 37. Ke2 Nxa3 38. Bd6 Nc4 39. Nxf8 1-0